00471cam a2200169ua 4500020002600000041001000026082002100036100002500057245007700082250001200159260006000171300002200231365001100253500000900264504000500273700002300278 a81-203-0720-8c250.00 aengh a621.3822bOPP/DI aOppenhein, Alan V . aDiscrete time signal processing / cAlan V Oppenhein.hTextual Documents a1 / b. aNew Delhi : bPrentice Hall of India Pvt Ltd. , c2000. a879 : b506 ; .  a250.00 a*CSS a1 aSchafer, Ronald .